[Event "EU-ch 4th"]
[Site "Istanbul"]
[Date "2003.05.30"]
[Round "1"]
[White "Sokolov, Ivan"]
[Black "Spasov, Vasil"]
[Result "1/2-1/2"]
[WhiteElo "2677"]
[BlackElo "2555"]
[Annotator "Hazai,L"]
[PlyCount "84"]
[EventDate "2003.05.30"]
[EventType "swiss"]
[EventRounds "13"]
[EventCountry "TUR"]
[SourceTitle "CBM 096"]
[Source "ChessBase"]
[SourceDate "2003.09.25"]
[SourceVersion "1"]
[SourceVersionDate "2003.09.25"]
[SourceQuality "1"]

1. d4 {Hecht} Nf6 2. c4 g6 3. Nc3 Bg7 4. e4 d6 5. Bd3 O-O 6. Nge2 Nc6 7. O-O
Nh5 8. Bc2 e5 9. d5 Ne7 10. Kh1 (10. a4 f5 {- I.Sokolov-Golubev, France chT
2003 CBM 95} (10... Kh8 {- I.Sokolov-David, France chT 2003 CBM 95})) 10... f5
{Black has probably also some useful preparatory moves as well.} (10... c5 11.
f4 {White is fighting for a breakthrough in the [+], because the N on e7
cannot defend >< e5.} (11. Rb1 $5 f5 12. exf5 gxf5 13. f4 Ng6 14. g3 {is the
typical reaction overprotecting the vital f4 square.}) 11... f5 (11... exf4 12.
Nxf4 Nxf4 13. Bxf4 a6 14. Qd3 $14 {and it is hard to see how the black N can
reach the blockading square >< e5.}) 12. exf5 Bxf5 13. Bxf5 gxf5 14. fxe5 dxe5
15. Ng1 (15. d6 $5 Ng6 16. Qd5+ Kh8 17. Qxc5) 15... Qe8 16. Nb5 Qg6 17. Nc7
Rac8 18. Ne6 $14 {Conquest-Hebden, Clichy 1997}) (10... a6 11. Rb1 (11. a4 $5 {
/\ a5, Ra3 is the typical plan in this variation.}) 11... Kh8 12. b4 f5 13.
exf5 gxf5 14. f4 (14. Ng3 Nf4 (14... Nxg3+ 15. fxg3)) 14... Ng6 15. fxe5 dxe5 (
15... Bxe5 $5 {fighting for >< f4 looks also possible.}) 16. c5 f4 17. Ne4 {
If White can blockade the light squares his position is almost winning from
strategical point of view, but Black has still reasonable tactical chances.}
Bg4 18. Qd3 $5 (18. Nf2 Bd7 19. Be4 (19. Nc3 Qh4 20. Kg1) 19... Nf6 20. Nc3
Nxe4 21. Nfxe4 Nh4 $13 {Flear-Hebden, France chT 1998})) (10... Kh8 $5 {
is a useful symmetrical "waiting" move.}) 11. exf5 Nxf5 (11... gxf5 12. f4 Ng6
13. g3 $13 {is White's main idea.}) 12. Ne4 {White now firmly controls the
vital e4 square, but his advantage is not that big.} Nf6 (12... Nf4 13. Nxf4
exf4 14. Bxf4 Bxb2 15. Rb1 {is not a successful change of the P structure for
Black.} Bg7 16. Bg5 $1 Qd7 (16... Qe8) 17. c5 $1 $16 Nd4 {(Vl.Georgiev-T.
Balogh, Krynica 1998 CBM 67)} 18. cxd6 {Vl.Georgiev} cxd6 (18... Nxc2 19. Qxc2
cxd6 20. Rbc1 $1 $16) 19. Ba4 $16) 13. Bg5 {White has to keep his dark-squared
B for long.} Qe8 (13... h6 $2 14. Nxf6+ Bxf6 15. Bxf5) 14. Qd2 Nxe4 15. Bxe4
Bd7 (15... Qf7) 16. Rae1 Qf7 17. h3 $6 {This was not necessary at all.} (17. f4
Rae8 (17... exf4 18. Nxf4 $36)) (17. Qd3 {avoiding at least the exchange of
the dark-squared B was more flexible.}) 17... Rae8 (17... Bf6 $5 {looked
logical exchanging the passive B.} 18. g4 (18. f4 exf4 19. Bxf6 Qxf6 20. Bxf5
Qxf5 21. Rxf4 Qe5 $11) 18... Bxg5 19. Qxg5 Qe7 20. Qxe7 Nxe7 $11) 18. Qd3 Nd4 (
18... Bf6 {is already met by} 19. Bd2) 19. Be3 (19. f4 Nxe2 20. Rxe2 Bf5 $11)
19... Qf6 20. b4 Qh4 21. Ng1 (21. Nxd4 $2 exd4 22. Bxd4 Bxd4 23. Qxd4 {
founders on the devastating} Bxh3 $19) 21... Rf7 22. g3 Qd8 23. Kg2 Qc8 24.
Bxd4 exd4 25. Re2 c5 $1 {Black wants to organize some active counterplay.} (
25... c6 26. Rfe1) 26. dxc6 $6 {Freeing the black pieces from passivity is not
advisable.} (26. b5 Rfe7 27. Rfe1 {keeping the position closed against the
black ^^ looked more to the point.}) 26... Bxc6 $1 (26... bxc6 27. Rfe1) 27.
Rfe1 (27. Bxc6 Qxc6+ 28. f3 Rfe7 29. Rfe1 Rxe2+ 30. Rxe2 Rc8 $36) 27... Qf5 ({
missing the annoying} 27... Rxe4 $1 28. Rxe4 Re7 {with a nasty pin.} 29. f3 (
29. Nf3 Bxe4 30. Rxe4 Qf5 31. Nd2 (31. Rxd4 Bxd4 32. Qxf5 gxf5 33. Nxd4 {
cannot be enough for the exchange.}) 31... d5 32. cxd5 Qxd5 $36) 29... Bxe4 30.
Rxe4 Rxe4 31. fxe4 b5 $1 32. cxb5 Qc3 {breaking the blockade of the strong d
o^.}) 28. Bxc6 {White positionally sacrifices the Q for a good compensation.} (
28. f3) 28... Qxd3 29. Rxe8+ Rf8 30. Bd5+ Kh8 31. Rxf8+ Bxf8 32. Re8 $44 {
Hecht: 'Die aktiven weißen Figuren sichern das Remis - anders gesagt, der
d-Freibauer rettet Schwarz das Remis.'} Qf5 33. Nf3 d3 34. Nd4 Qf6 35. Ne6 d2
36. Bf3 (36. Nxf8 $6 {Hecht} Kg7 37. Ne6+ Kh6 (37... Qxe6 $2 38. Rxe6 d1=Q 39.
Re7+ $16) 38. g4 g5 39. f4 d1=Q 40. fxg5+ Qxg5 41. Nxg5 Kxg5 $15) 36... Qxf3+
37. Kxf3 d1=Q+ 38. Kg2 h6 (38... h5 {Hecht} 39. Rxf8+ Kh7 40. Rf7+ Kh6 $2 41.
h4 $1 $18 {[%cal Re6g5,Rf7h7]}) 39. Rxf8+ Kh7 40. Rf7+ {with a perpetual.} Kh8
41. Rf8+ (41. Rxb7 {Hecht} Qe2 $11) 41... Kh7 42. Rf7+ Kh8 1/2-1/2

[Event "Moscow Aeroflot op-A"]
[Site "Moscow"]
[Date "2004.02.21"]
[Round "5"]
[White "Graf, Alexander"]
[Black "Kotronias, Vasilios"]
[Result "1/2-1/2"]
[WhiteElo "2629"]
[BlackElo "2598"]
[Annotator "Hazai,L"]
[PlyCount "92"]
[EventDate "2004.02.17"]
[EventType "swiss"]
[EventRounds "9"]
[EventCountry "RUS"]
[SourceTitle "CBM 100"]
[Source "ChessBase"]
[SourceDate "2004.06.01"]
[SourceVersion "1"]
[SourceVersionDate "2004.06.01"]
[SourceQuality "1"]

1. d4 Nf6 2. c4 g6 3. Nc3 Bg7 4. e4 d6 5. Bd3 O-O 6. Nge2 Nc6 7. O-O e5 (7...
Nh5 {is the popular line these days.}) 8. d5 Nd4 9. Bg5 ({The main line} 9.
Nxd4 {is more common.}) 9... h6 10. Bh4 c5 (10... c6 $6 11. b4 $1 $14 {-
Seirawan-Ye Jiangchuan, Beijing rapid 2003 CBM 98}) (10... Re8 {If Black has
to play c7-c5 it is better to do right now.} 11. f3 (11. Rc1 g5 (11... c5 12.
dxc6 bxc6 13. b4 g5 14. Bg3 h5 (14... c5 $5 {deserves attention strengthening
the position of the d4 N.}) 15. f3 h4 16. Bf2 h3 17. Nxd4 exd4 18. Ne2 hxg2 19.
Kxg2 {(Christiansen-Cummings, Antwerp 1995)} c5 $13) 12. Bg3 Nh5 $13 {with a
successful dark square strategy.}) 11... c5 {Here the R on e8 is not very
important.} 12. Rb1 (12. Nxd4 $5 cxd4 13. Na4 Bd7) 12... Bd7 13. b4 b6 14. Qd2
Kh7 15. Bf2 Nh5 16. bxc5 dxc5 17. a4 Qf6 18. Be3 Nf4 {Black has a strong
pressure on the dark squares.} 19. Nxf4 exf4 20. Bxf4 Nxf3+ 21. Rxf3 Qxc3 $11 {
Seirawan-Piket, Amber (rapid) 1993}) 11. Rb1 (11. dxc6 bxc6 12. b4 Re8 13. b5 (
13. f3 $5 Qb6 14. Bf2 Nxe2+ 15. Bxe2 Qxb4) 13... cxb5 14. cxb5 g5 15. Bg3 Bb7 {
The black pieces are very active again.} 16. Nd5 Nxd5 17. exd5 e4 {winning
material.} 18. Nxd4 Bxd4 19. Bc4 Bxa1 20. Qxa1 $17 {Dzindzichasvili-Benjamin,
Los Angeles 1991}) (11. Nxd4 exd4 12. Ne2 (12. Nb1 {is a bit odd decision.} g5
13. Bg3 Ng4 {>< e5} 14. Nd2 Be5 15. Be2 Bxg3 16. Bxg4 Bf4 17. Bxc8 Rxc8 18. g3
Bxd2 19. Qxd2 Qf6 20. f4 Rce8 21. Rae1 Qg7 22. Kh1 Re7 {with pressure on the
<-> e.} 23. Rf2 Rfe8 $13 {Silman-Golod, Pardubice 1994}) 12... Qe8 (12... g5
13. Bg3 Nh5) 13. f3 $5 (13. Bxf6 {giving up the ^^ is not logical at first
sight.} Bxf6 14. Qd2 Bg7 15. b4 b6 16. bxc5 bxc5 17. Rab1 Qd8 18. Rb3 h5 19.
Kh1 Kh7 20. Ng1 $11 {Seirawan-Nunn, Cannes 1992})) (11. f3 g5 12. Be1 Nh5 13.
Nxd4 exd4 14. Ne2 Nf4 15. g4 Be5 {1/2-1/2 Co.Ionescu-Sofronie, Bucharest 2002})
11... Bd7 (11... a6 $143 {is not so logical} 12. b4 b6 (12... cxb4 {After
weakening >< b6 this idea is not so healthy, as one move earlier.} 13. Rxb4 Qc7
(13... Nxe2+ 14. Qxe2 $16 {/\ Rfb1}) 14. Bxf6 $5 Bxf6 15. Nxd4 exd4 16. Ne2 Qc5
17. Qd2 Kg7 {was the persistant defence, although after} (17... b5 $6 18. Rc1 (
18. cxb5 {was also promising.} axb5 19. Rxb5 Qa3 20. Rfb1 $16) 18... Qa7 19.
Qxh6 $18 {Seirawan-Egger, Istanbul 2000}) 18. Rfb1 Bd8 19. R4b3 $16 {Black
cannot come out of passivity easily.}) 13. Qc1 g5 14. Bg3 Nh5 15. bxc5 bxc5 16.
Nxd4 cxd4 17. Na4 {>< b6} Qa5 18. Nb6 Rb8 19. Qe1 Qxe1 20. Rfxe1 Nxg3 21. hxg3
$14 {with only White's chances on the <<, Seirawan-Comp Mephisto, Hague 1995.})
(11... g5 12. Bg3 h5 13. f3 h4 14. Be1 Nh5 {Black puts a maximum effort
conquering the dark squares.} 15. h3 Nf4 16. Nxf4 exf4 17. Ne2 {1/2-1/2 Co.
Ionescu-Motylev, Bucharest 2001}) (11... Qd7 12. b4 b6 13. Nxd4 exd4 14. Ne2
Ng4 15. bxc5 bxc5 16. Bc2 Ne5 $132 {Gonzalez de la Torre-Arizmendi Martinez,
Mislata 2003}) 12. f3 (12. b4 Nxe2+ (12... b6 13. Nxd4 {Now Black has to
decide which is the better P structure for him.} (13. bxc5 bxc5) 13... exd4 (
13... cxd4 14. Ne2 $14) 14. Ne2 Re8 15. f3 $14) 13. Qxe2 (13. Nxe2 cxb4 14.
Rxb4 Qc7) 13... cxb4 14. Rxb4 Qc7 $13 {blockading >< c5.}) 12... g5 13. Bf2 Nh5
{Black wants to gain a total control over the dark squares.} 14. b4 b6 (14...
Nxe2+ 15. Nxe2 cxb4 16. Rxb4 b6 $13 {controlling >< c5 was logical.}) 15. bxc5
dxc5 (15... bxc5 {was the real alternative, because the b <-> is not so
dangerous.} 16. Nb5 (16. Bc2 Nxc2 17. Qxc2 Nf4) 16... Nxe2+ 17. Qxe2 Nf4) 16.
a4 {/\ a5} a5 (16... Nf4 17. a5 bxa5 18. Nxf4 exf4 19. Nb5 {and Black has keep
an eye on a lot of blockading squares.}) 17. Bxd4 exd4 $6 {Now it is almost
impossible to blockade f4, e5 and d6 at the same time.} (17... cxd4 18. Nb5 Rc8
19. Qb3 Qf6 20. g3 (20. Na7 Ra8) (20. Qa3 Rfd8) 20... Rc5 {was more persistant.
}) 18. Nb5 Nf4 (18... Be5 19. g3) 19. Bc2 (19. Nxf4 gxf4) 19... Ng6 (19...
Nxe2+ 20. Qxe2 Be5 21. g3) 20. Ng3 Nf4 (20... Be5 21. Nf5) 21. Kh1 Rb8 22. Re1
{This is an important preparatory move, Nf5 will come soon.} (22. Nf5 Bxf5 23.
exf5 Re8) 22... Be5 23. Nf5 Bxf5 24. exf5 Bf6 25. g3 Nh5 26. Qd3 (26. Na7 Rb7
27. Nc6 $16 {was simple and strong, but White was obsessed by a beautiful idea.
..}) 26... Qd7 27. f4 Rfe8 28. Re6 $5 {[%mdl 512] This is a phantastic
positional R sacrifice, but on the other hand it complicates matters
unnecessarily.} (28. Qf3) 28... fxe6 29. fxe6 Qg7 30. Bd1 (30. Qg6 {Exchanging
the attacking Q is not an easy way.} Qxg6 31. Bxg6 Ng7 32. f5 Red8 33. d6 $44)
30... g4 31. Bc2 (31. Qf5 Qh7 32. Bxg4 Qxf5 33. Bxf5 Ng7 34. Bg6 $44 {and
White has a lot of strong passed pawns for the R.}) 31... Be7 32. Qf5 Nf6 33.
d6 d3 (33... Bf8 34. Re1) 34. Bxd3 Rbd8 {Black is happy to sacrifice back some
material in order to ruin White's mighty P chain.} 35. dxe7 Rxe7 36. Re1 (36.
Nc3 {was probably better.}) 36... Ne8 37. Be4 Rd2 38. Bd5 Qb2 39. Qxg4+ Ng7 40.
Kg1 (40. Qh4 Nf5) 40... Rxh2 41. Qf3 Nf5 42. Nc3 Nd4 43. Qg4+ Kh8 44. Rf1 Rd2 (
44... Nxe6 $1 {gave more chances for Black.} 45. Qf5 Rg7 46. Qe5 Nc7) 45. Qg6
$11 Qxc3 46. Qf6+ Kg8 {This was a very exciting encounter!} 1/2-1/2

[Event "Olympiad-36"]
[Site "Mallorca"]
[Date "2004.10.19"]
[Round "5"]
[White "Bruzon Batista, Lazaro"]
[Black "Nataf, Igor Alexandre"]
[Result "1/2-1/2"]
[WhiteElo "2637"]
[BlackElo "2565"]
[Annotator "Hazai,L"]
[PlyCount "132"]
[EventDate "2004.10.15"]
[EventType "team-swiss"]
[EventRounds "14"]
[EventCountry "ESP"]
[SourceTitle "CBM 104"]
[Source "ChessBase"]
[SourceDate "2005.01.27"]
[SourceVersion "1"]
[SourceVersionDate "2005.01.27"]
[SourceQuality "1"]
[WhiteTeam "Cuba"]
[BlackTeam "France"]
[WhiteTeamCountry "CUB"]
[BlackTeamCountry "FRA"]

1. d4 Nf6 2. c4 g6 3. Nc3 Bg7 4. e4 d6 5. Bd3 O-O 6. Nge2 c5 (6... Nc6 {
is the other popular way.}) 7. d5 e6 8. O-O Ng4 $5 (8... exd5 9. exd5 (9. cxd5
{- A65}) 9... Ng4 $5) 9. Bc2 (9. h3 Ne5 {Now Black gets the important ^^.} 10.
f4 (10. Be3 exd5 11. cxd5 {Now a Benoni type of position has arisen with a
comfortable play for Black.} b6 12. Bc2 Na6 13. b3 {This cannot be recommended.
} Nb4 14. f4 Nd7 15. a3 Nxc2 16. Qxc2 Ba6 17. Rf2 Re8 18. Ng3 f5 $15 {Saleh-M.
Pavlovic, Andorra 1998}) (10. Ng3 Nbd7 $13 (10... Nxd3 11. Qxd3 Na6)) 10...
Nxd3 11. Qxd3 exd5 12. Nxd5 (12. cxd5 {leads again to a good Benoni version
for Black.} b6 13. Be3 Ba6 {Black's ^^ loks very effective.} 14. Qd2 Nd7 15.
Rae1 Re8 $13 {Derieux-Mrdja, Clichy 1999}) (12. exd5 Na6 13. a3 Nc7 14. Ng3 f5
{In this closed position it is very difficult for White to find a breakthrough.
} 15. Be3 Re8 16. Bf2 a5 17. Rab1 Bd7 18. Nge2 b6 19. Rfe1 Qf6 20. Kh1 $11 {
Boensch-Co.Ionescu, Stara Zagora 1990}) 12... f5 (12... Be6 {Otherwise after
f4-f5 the B cannot fight for the centre.} 13. f5 (13. Bd2 $5) 13... Bxd5 14.
Qxd5 Nc6 {1/2-1/2 J.Ivanov-V.Dimitrov, Marin 2001}) (12... Nc6 $5 13. f5 {/\ f6
}) 13. Ng3 Nc6 14. exf5 Bxf5 15. Nxf5 Rxf5 $13 (15... gxf5 $6 {
(Salzgeber-Gheorghiu, Winterthur 2003)} 16. Be3 $1 $14)) (9. f4 exd5 10. Nxd5
Be6 11. h3 Bxd5 12. exd5 (12. cxd5 Nf6) 12... Nf6 13. f5 Nbd7 14. fxg6 fxg6 15.
Bg5 Qb6 16. Bxf6 Nxf6 17. Qc2 Rae8 18. Kh1 Re3 19. Nf4 Rfe8 20. Bxg6 $13 {
Nemet-Gheorghiu, Biel 1992}) (9. dxe6 fxe6 10. f4 Nc6 11. h3 Nh6 12. Be3 e5 $1
{Black gives up the d5 square, but gets the vital e5 one for it.} 13. Qd2 exf4
14. Nxf4 Nf7 15. Rf2 (15. Ncd5 Nfe5 {and both knights look excellent in the [+]
.}) 15... Nfe5 16. Raf1 Bd7 17. Nb5 a6 18. Nxd6 b6 19. Be2 Nd4 20. Bxd4 cxd4
$15 {Panczyk-Gdanski, Poland 1992}) 9... Ne5 (9... Qh4 $6 10. h3 Ne5 11. dxe6 (
11. f4 Nxc4 12. dxe6 Bxe6 {- 11.dxe6}) 11... Bxe6 12. f4 $1 Nxc4 13. Bb3 $16 {
Suba} (13. b3 Nb6 14. f5 Bd7 15. Qxd6 Rc8 16. a4 Bc6 17. f6 $36 {Knaak-Marin,
Dresden 1988})) 10. b3 $142 (10. Bb3 $6 {The B is rather awkward here.} exd5
11. Nxd5 (11. cxd5 c4 12. Bc2 Na6 13. a3 Nc5 $15 {Grigore-Moldovan, Bucharest
1992}) 11... Nbc6 $13) 10... exd5 11. cxd5 {In this Benoni type of position 
(which resembles to the Penrose Attack) Black can organize a good counterplay.}
(11. exd5 $142 {was much safer avoiding the assymetrical position.} f5 {
is usually the best setup here.} (11... Re8 12. Rb1 $14) (11... b5 $5 12. cxb5
a6 13. Bd2 $1 Re8 (13... Nbd7 $5 {/\ Nb6}) 14. bxa6 (14. a4 $2 axb5 (14... Ra7
$2 15. Rb1 $1 axb5 16. Nxb5 Rae7 17. Nec3 $16 {Seirawan-Dimitrov, Moscow 1994
62/580}) 15. axb5 (15. Nxb5 Nf3+ $1 16. gxf3 Bxa1 17. Qxa1 Rxe2 18. Bh6 f6 19.
Be4 Ba6 20. Nc3 Nd7) 15... Nf3+ $1 16. gxf3 Rxa1 17. Qxa1 Rxe2 18. Qd1 Re8 19.
Re1 Rxe1+ 20. Qxe1 Nd7 $44) 14... Bxa6 15. Re1 Nbd7 $44) 12. f4 Nf7 13. Bd2 $13
{Seirawan}) 11... b5 $1 {Black immediately grabs the |^ on the <<, the B on c2
is not well-placed.} 12. Rb1 (12. f4 Ng4 $5 (12... b4 13. fxe5 Bxe5 14. Bh6 (
14. Bf4 Bxf4 15. Nxf4 bxc3 16. Qe1 Nd7 (16... Ba6 17. Bd3 Bxd3 18. Nxd3 Nd7 19.
Qxc3 Qg5 20. Rae1 $14 {Grigore-Marin, Bucharest 1994}) 17. Qxc3 Ne5 18. Nd3 Re8
19. Nxe5 Rxe5 20. Rf2 a5 21. Raf1 Ra7 $13) 14... Re8 15. Na4) 13. h3 b4 $132) (
12. Bb2 b4 13. Na4 Qh4 $13) 12... b4 (12... a6 $13 {Kapengut}) 13. Na4 Ba6 (
13... Re8 $13) 14. h3 (14. f4 Ng4 15. Bd3 f5 16. h3 Bxd3 17. Qxd3 fxe4 18. Qxe4
Nf6 $13) 14... Ned7 (14... g5 $5 {is a typical Benoni plan strengthening the
important N in the [+].} 15. Nb2 (15. Ng3 Bxf1 16. Qxf1 $44) 15... Nbd7 $36)
15. a3 $5 (15. Bd3 Re8 16. Bxa6 Nxa6 17. Qd3 Nc7 18. Bb2 $15 {exchanges
Black's active bishops but still leaves the |^ in the opponent's hands.}) 15...
bxa3 16. Bxa3 Nb6 17. Nb2 $2 {White's play is too sophysticated, the B on a3
looks odd.} (17. Bb2 {improving the B's position was more to the point.} Re8
18. Bxg7 Kxg7 19. Bd3) 17... Re8 18. Re1 (18. Bd3 Bxd3 19. Qxd3 N8d7 $15) 18...
N8d7 19. Bd3 Bxd3 20. Qxd3 Qh4 21. Ng3 (21. f3 Ne5 $36) 21... Bd4 $1 $17 {
Now Black is better on all of the fronts!} 22. Nh1 {Sad, but true.} (22. Nc4
Nxc4 23. bxc4 Ne5 24. Qb3 Rab8 25. Qxb8 Rxb8 26. Rxb8+ Kg7 $17 {and the white
pieces are completely disorganized.}) 22... Nf6 (22... f5 $5 {was also
tempting.} 23. exf5 Ne5 24. Qg3 Qf6 25. fxg6 Nxd5 26. gxh7+ Kxh7 $17) 23. Ng3
Nfd7 (23... Nh5 24. Nh1 f5 25. exf5 Nf4 $17) 24. Nh1 {White's N manoeuvres
fail to impress...} Nf6 25. Ng3 Re5 26. Nc4 Nxc4 27. bxc4 Rae8 (27... Rg5 $1
28. Nh1 Re8 $17 {keeping the |^ was better.}) 28. Bb2 $1 Bxb2 29. Rxb2 Nxe4 30.
Nxe4 Rxe4 31. Rxe4 Qxe4 $6 {liquidating to a R _|_ is not recommended in most
of the cases.} (31... Rxe4 32. Qc3 $1 Rd4 33. Rb8+ Kg7 34. Ra8 Qe7 {keeping
the queens was more practical.}) 32. Qxe4 Rxe4 33. Rb8+ Kg7 34. Rd8 {White's
only chance in the R _|_ to create a o^.} Rxc4 35. Rxd6 Rc1+ 36. Kh2 Rd1 37.
Kg3 {[%mdl 4096]} c4 (37... a5 38. Ra6 Rxd5 39. Rxa5 {looks as a theoretically
drawish R _|_ , although in practice the result can be different.}) 38. Rc6 (
38. Ra6 c3 $1 (38... Rxd5 39. Rxa7 Rc5 40. Ra1 Kf6 41. Kf4 $1) 39. Rc6 Rxd5 40.
Rxc3 {is similar to the game}) 38... Rxd5 39. Rxc4 a5 {/\ Rd7-a7 with a
Tarrasch R. However this R _|_ has to be drawish yet.} (39... Ra5 40. h4) (
39... Rd8 40. Ra4 Ra8 41. Ra6) 40. Rc7 (40. Rc6 a4 41. Ra6 Rd4 42. Kf3) 40...
a4 41. Ra7 Rd4 42. Ra6 $6 (42. Kf3 Kf6 43. g3 h5 (43... g5 $5) 44. h4 Rb4 45.
Ke3 Ke6 46. f3 {/\ g4} Rb3+ $1 47. Kf4 a3 48. g4 Kd5 49. gxh5 gxh5 50. Kg5 {
creating a o^ on the h <->.}) (42. h4 $5 h5 43. Ra6 {deserves attention.})
42... g5 $1 {Now Black improves his pawns on the >>.} 43. Kf3 h5 44. Ke3 (44.
g3 h4 {leads to the game continuation.}) 44... Rb4 45. Kd3 $6 {This is not an
effective plan. The K has to defend the >>.} (45. g3 h4 {leads to the game
continuation again.}) 45... Rf4 (45... f6 {Slowly but surely strengthening the
position.} 46. Ke3 (46. g3 {allows the breakthrough after} h4 $1 47. Ke3 g4 $1)
(46. Kc3 Rf4 (46... Rb3+ 47. Kc2 Ra3 48. Kd2 (48. Kb2 Rd3 49. Kc2 Rd4 50. Kc3
Rf4)) 47. f3 h4 {fixing the weaknesses on the >>. Now all the pawns are
defended and the black K begins his march for penetration.} (47... g4 $5 48.
hxg4 hxg4 49. Kd2 $1 $11 (49. fxg4 Rxg4 50. Kd3 a3 $1 $19)) (47... Kg6 48. Ra8
(48. Ra5 Kf7) 48... Kf5 49. Ra5+ Ke6 50. Ra6+ Kd5 51. Kb2 Kc5 52. Ka3 Kb5 53.
Ra8 $15)) 46... h4 (46... Kg6 47. g3 (47. Ra5 Rb3+ $1 48. Ke4 a3 49. Kd4 Rb2
50. Ke3 a2 51. g3 Kf7 52. Ra7+ Ke6 53. Ra6+ Ke5 54. Ra5+ Kd6 $19) 47... h4 48.
Kf3) 47. Kf3 (47. g3 $2 g4 $1)) (45... h4 $5) 46. Ke3 $1 (46. f3 $2 {is a
serious weakening of the position.} f6 47. Ra5 h4 $1) 46... h4 $2 (46... Rb4
$142) 47. g3 $1 {Here is the difference! Black had to provoke f2-f3 first} Rb4
48. Kf3 $1 $11 Kf8 (48... g4+ {is parried by the cold-blooded answer} 49. Kg2
$1 (49. hxg4 $2 h3 $19) 49... hxg3 50. Kxg3 gxh3 51. Kxh3 $11) 49. Ra5 f6 50.
Ra7 Ke8 51. Kg2 Kd8 52. Rf7 a3 (52... hxg3 53. fxg3 (53. Rxf6 $2 Rf4 $1) 53...
a3 54. Ra7 Rb2+ 55. Kf3 a2 56. h4 $1 $11) 53. Ra7 Rb3 54. gxh4 gxh4 55. Ra4 $1
Kc7 56. Rxh4 Kb6 57. Ra4 Kb5 58. Ra7 Kb4 59. h4 $1 Kc3 60. h5 Kb2 61. h6 Rb8 (
61... a2 62. h7) 62. h7 Rh8 63. Kf3 a2 64. Rb7+ Kc1 65. Rc7+ Kb1 66. Rb7+ Kc1
1/2-1/2